000 00442nmm a2200157Ia 4500
008 251105s9999||||xx |||||||||||||||||und||
041 _aspa
100 _aAndrea, Luca
245 0 _aDetrás de cada incendio
264 _a[Madrid, España] :
_bEditorial Egales,
_c2023
300 _a238 páginas
490 _aNarrativa
650 _aLatin American literature
856 _uhttps://public.digitaliapublishing.com/a/133364
942 _cCF
999 _c100284
_d100284